000 01149nam a22002897a 4500
003 0
005 20250913101809.0
008 250911b xxu||||| |||| 00| 0 eng d
020 _a978-0-316-08531-1
050 _aPZ 7.1
_b.C835 2010
100 _aCowell, Cressida,
_eauthor,
_eillustrator.
245 _aHow to train your dragon book 5 :
_bhow to twist a dragon’s tale /
_cCressida Cowell.
250 _aFirst U.S. edition.
260 _aNew York :
_bLittle, Brown and Company,
_c2010.
300 _a246 pages :
_billustrations ;
_c20 cm.
490 _aHow to train your dragon ;
_vbk. 5
500 _aOriginally published in the U.K. by Hodder Children’s Books, 2007.
520 _aWhen a volcano threatens to erupt and destroy everything, Hiccup must uncover Viking secrets and lead a dangerous quest that will test his courage and friendships.
650 _aVikings
_vFiction.
650 _aDragons
_vFiction.
650 _aQuests (Expeditions)
_vFiction.
650 _aFriendship
_vFiction.
650 _aHeroes
_vFiction.
650 _aHumorous stories.
830 _aHow to train your dragon ; $
_sbk. 5.
942 _2lcc
_cBK
999 _c367900
_d367900